000 00555nam a2200193Ia 4500
005 20250923145150.0
008 008 250917s9999 xx 000 0 eng d
037 _aTextual
040 _aDSWL
_beng
_cDSWL
041 _aeng
_2eng
084 _aYX
_qDSWL
245 4 _aThe Retirement process report of a conference 1966
_cEd. by Frances M. Carp
260 _aUSA
_bU.S. Department of Health, Education and Welfare
_c1967
300 _axxi,260p.
365 _aINR
_b70
925 _g70
942 _cTEXL
_hYX
999 _c1447960
_d1447960